| 000 | 00633nam a22001817a 4500 | ||
|---|---|---|---|
| 999 |
_c10837 _d10837 |
||
| 008 | 180922b ||||| |||| 00| 0 eng d | ||
| 020 | _a978-971-98-0862-6 | ||
| 082 |
_22018 _aDFil 337 _bC571 |
||
| 100 |
_aClaudio, Lisandro E. _931523 |
||
| 245 |
_aThe contemporary world / _cLisandro E. Claudio and Patricio N. Abinales. |
||
| 260 |
_aQuezon City : _bC & E Publishing,Inc., _c©2018. |
||
| 300 |
_axii, 182 pages ; _billustrations : _c22 cm. |
||
| 500 | _aIncludes bibliographical references and index. | ||
| 650 |
_aGlobalization. _931524 |
||
| 700 |
_aAbinales, Patricio N. _92712 |
||
| 365 |
_b295.00 _cPhp. |
||
| 942 |
_2ddc _cDFIL |
||